LEADER 01044nam0-2200325---450- 001 990008228350403321 005 20101122115509.0 010 $a88-464-6833-3 035 $a000822835 035 $aFED01000822835 035 $a(Aleph)000822835FED01 035 $a000822835 100 $a20051118d2005----km-y0itay50------ba 101 1 $aita 102 $aIT 105 $a--------001yy 200 1 $aLinee guida per la realizzazione di un sistema di gestione ambientale$eapplicato ad un cantiere di costruzioni civili$fDino Bogazzi e Pietro Fedele 210 $aMilano$cFrancoAngeli$dc2005 215 $a104 p.$d23 cm 225 1 $aAzienda moderna$v603 610 0 $aGestione ambientale 700 1$aBogazzi,$bDino$c$0434804 701 1$aFedele,$bPietro$c$0434805 801 0$aIT$bUNINA$gRICA$2UNIMARC 901 $aBK 912 $a990008228350403321 952 $a300093$b2595$fDCATA 959 $aDCATA 996 $aLinee guida per la realizzazione di un sistema di gestione ambientale$9738355 997 $aUNINA LEADER 00932nam0-22002891i-450- 001 990001845240403321 005 20110502173740.0 035 $a000184524 035 $aFED01000184524 035 $a(Aleph)000184524FED01 035 $a000184524 100 $a20030910d1906----km-y0itay50------ba 101 0 $aita 102 $aIT 200 1 $a<>r. Istituto d'incoraggiamento di Napoli, 1806-1906$e(riassunto della Storia del professore E. Oreste Mastrojanni in occasione del primo centenario) 210 $aNapoli$cL. Pierro$d1906 215 $a40 p.$cfig.$d26 cm 610 0 $aReale Istituto d'Incoraggiamento$aStoria 676 $a806$v21$zita 700 1$aMastrojanni,$bE. Oreste$0492828 801 0$aIT$bUNINA$gRICA$2UNIMARC 901 $aBK 912 $a990001845240403321 952 $a60 MISC. B 53/6$fFAGBC 959 $aFAGBC 996 $aR. Istituto d'incoraggiamento di Napoli, 1806-1906$9414816 997 $aUNINA LEADER 01544nam--2200433---450- 001 990005964090203316 005 20140918095306.0 010 $a978-88-6657-400-2 035 $a000596409 035 $aUSA01000596409 035 $a(ALEPH)000596409USA01 035 $a000596409 100 $a20140918d2014----km-y0itay50------ba 101 $aita 102 $aIT 105 $a||||||||001yy 200 1 $aAtti giudiziari di diritto civile, penale, amministrativo$eformulario per l'avvocato$eaggiornato alle leggi di riforma: L. 28 aprile 2014, n. 67$fV. De Gioia, P.E. De Simone$gcon il contributo di Mariella Spata e Giovanna Spirito 210 $aRoma$cNel diritto$d2014 215 $aVII, 954 p.$d24 cm 225 2 $aScritti esami avvocato 2014 410 0$12001$aScritti esami avvocato 2014 517 $aAtti giudiziari e tecniche di redazione 606 0 $aAtti giudiziari$2BNCF 676 $a347.45055 700 1$aDE GIOIA,$bValerio$0269086 701 1$aDE SIMONE,$bPaolo Emilio$0604101 702 1$aSPATA,$bMariella 702 1$aDE SIMONE,$bPaolo Emilio 801 0$aIT$bsalbc$gISBD 912 $a990005964090203316 951 $aXXVII.1.B. 486$b80737 G.$cXXVII.1.B.$d357186 959 $aBK 969 $aGIU 979 $aFIORELLA$b90$c20140918$lUSA01$h0944 979 $aFIORELLA$b90$c20140918$lUSA01$h0949 979 $aFIORELLA$b90$c20140918$lUSA01$h0951 979 $aFIORELLA$b90$c20140918$lUSA01$h0953 996 $aAtti giudiziari di diritto civile, penale, amministrativo$91070797 997 $aUNISA